<?xml version="1.0" encoding="UTF-8"?>
<collection xmlns="http://www.loc.gov/MARC21/slim">
  <record>
    <leader>00000nam  2200000   4500</leader>
    <controlfield tag="001">INLIS000000000003367</controlfield>
    <controlfield tag="005">20190812104011</controlfield>
    <datafield tag="035" ind1="#" ind2="#">
      <subfield code="a">0010-0718003367</subfield>
    </datafield>
    <controlfield tag="008">190812################g##########0#ind##</controlfield>
    <datafield tag="020" ind1="#" ind2="#">
      <subfield code="a">9798120884</subfield>
    </datafield>
    <datafield tag="041" ind1=" " ind2=" ">
      <subfield code="a">id</subfield>
    </datafield>
    <datafield tag="082" ind1="#" ind2="#">
      <subfield code="a">297.6</subfield>
    </datafield>
    <datafield tag="090" ind1=" " ind2=" ">
      <subfield code="a">297.6 Abd d</subfield>
    </datafield>
    <datafield tag="100" ind1=" " ind2="#">
      <subfield code="a">Abdillah, Masykuri</subfield>
    </datafield>
    <datafield tag="245" ind1="1" ind2="#">
      <subfield code="a">Demokrasi Di Persimpangan Makna : Respons Intelektual Muslim Indoesia Terhadap Konsep Demokrasi (1966-1993) /</subfield>
      <subfield code="c">Masykuri Abdillah</subfield>
    </datafield>
    <datafield tag="250" ind1="#" ind2="#">
      <subfield code="a">Cet. Pertama</subfield>
    </datafield>
    <datafield tag="260" ind1="#" ind2="#">
      <subfield code="a">Yogyakarta :</subfield>
      <subfield code="b">Tiara Wacana,</subfield>
      <subfield code="c">1999</subfield>
    </datafield>
    <datafield tag="300" ind1="#" ind2="#">
      <subfield code="a">xiv; 355 hlm. ;</subfield>
      <subfield code="c">21 cm</subfield>
    </datafield>
    <datafield tag="650" ind1=" " ind2="#">
      <subfield code="a">Demokrasi Islam</subfield>
    </datafield>
    <datafield tag="084" ind1="#" ind2="#">
      <subfield code="a">297.6 Abd d</subfield>
    </datafield>
    <datafield tag="520" ind1="#" ind2="#">
      <subfield code="a">Studi ini menekankan perspektif teologis untuk melukiskan berbagai respons Intelektual Muslim Indonesia terhadap gagasan-gagasan demokrasi menurut ajaran Islam. Kata 'Respons' di sini mengindikasikan bahwa demokrasi tidak berasal dari kebudayaan Islam tetpi dari kebudayaan lain. Jadi,tujuan studi ini tidak untuk mengeksplorasi gagasan-gagasan demokrasi dalam Islam, tetapi untuk melukiskan dan menganalisis bagaimana respons para intelektual Muslim terhadap gagasan-gagasan demokrasi. Maka, dari perspektif empiris, hal itu diikuti oleh pendekatan-pendekatan hukum, sosiologis, yakni analisis tentang bentuk respons mereka terhadap konsep Demokrasi pancasila, peran dan proses demokratisasi di Indonesia. Pencarian bentuk demokrasi yang cocok di Indonesia sebenarnya dimulai sejak persiapan kemerdekaan Indonesia tahun 1945. Namun, konsep demokrasi Pancasila yang definitif tidak pernah diklarifikasi secara resmi, sehingga berbagai penafsiran berjalan sendiri-sendiri baik oleh pemerintah maupun oleh para intelektual, termasuk para intelektual Muslim.</subfield>
    </datafield>
    <datafield tag="856" ind1="#" ind2="#">
      <subfield code="a">Perpustakaan Lembaga Administrasi Negara</subfield>
    </datafield>
    <datafield tag="990" ind1="#" ind2="#">
      <subfield code="a">02045742</subfield>
    </datafield>
    <datafield tag="990" ind1="#" ind2="#">
      <subfield code="a">02045743</subfield>
    </datafield>
    <datafield tag="990" ind1="#" ind2="#">
      <subfield code="a">02045743</subfield>
    </datafield>
  </record>
</collection>
